Stars aus Österreich - Statistiken

Allgemein
  • Dieses Quiz wurde 48 mal gespielt
  • Das Durchschnittsergebnis liegt bei 8 aus 16
Antwortstatistiken
Bildquiz Hint Antwort % Korrekt
Sänger/in Conchita Wurst
98%
Rennfahrer Niki Lauda
93%
Fußballer David Alaba
86%
Sänger Falco
80%
Schauspieler Christoph Waltz
57%
Moderatorin Arabella Kiesbauer
55%
Sängerin Christina Stürmer
50%
Schauspielerin Romy Schneider
50%
Skispringer Stefan Kraft
48%
Skifahrer Hermann Maier
32%
Musikerin Melissa Naschenweng
27%
TV-Persönlichkeit Tom Turbo
25%
Skifahrerin Anna Veith
23%
Autorin Elfriede Jelinek
16%
Comedian Michael Niavarani
16%
Moderatorin Barbara Stöckl
14%
Keine übereinstimmenden Quizze gefunden
Verteilung der Resultate
Anzahl Personen mit jedem Resultat
Perzentil nach korrekt beantworteten Fragen
Ihre Resultats-Entwicklung
Sie haben dieses Quiz noch nicht gespielt